00409 2200157 4500245005600000020002200056250001100078100002200089650002600111005001900137260004100156041001400197084000900211300002200220336000900242 aNama-Nama Baik dalam IslamcDr. Miftah FaridlhText a978-623-00-1641-7 aCet. 1 aDr. Miftah Faridl aNama Bayi dalam Islam a20240926092005 aJakartabElex Media Komputindoc2020 aIndonesia aNONE ax, 189hlm :c18cm atext